000
00298nam a2200121Ia 4500
008
190216s9999||||xx |||||||||||||| ||und||
100
_a
Hussain Randathani
245
0
_a
Chrithramuthukal
260
_b
Poomkavanam Books Publishers
_c
1990
300
_a
96
650
_a
Historical Novel
942
_c
BK
999
_c
22248
_d
22248